000 00314nam a22001337a 4500
008 171101b xxu||||| |||| 00| 0 eng d
020 _a0792390608
041 _aeng
080 _a339
100 _a59
101 _aTRE
245 _aGOVERNING BANKINGS FUTURE MARKETS REGULATION
_cCATHERUNE,E
942 _2udc
_cBK
999 _c37042
_d37042